La pluralidad lingüistica : aportaciones sociales, culturales y formativas (Record no. 68827)

MARC details
000 -LEADER
campo de control de longitud fija 00699nmm a2200193Ia 4500
008 - DATOS DE LONGITUD FIJA--INFORMACIÓN GENERAL
campo de control de longitud fija 251105s9999||||xx |||||||||||||||||und||
020 ## - NÚMERO INTERNACIONAL ESTÁNDAR DEL LIBRO
Número Internacional Estándar del Libro 9788436952599
041 ## - CÓDIGO DE IDIOMA
Código de lengua del texto/banda sonora o título independiente spa
100 ## - ENTRADA PRINCIPAL--NOMBRE DE PERSONA
Nombre de persona Miguel Aparicio, Elena de (dir. ed.)
245 #0 - MENCIÓN DEL TÍTULO
Título La pluralidad lingüistica : aportaciones sociales, culturales y formativas
264 ## - PRODUCCIÓN, PUBLICACIÓN, DISTRIBUCIÓN, FABRICACIÓN Y COPYRIGHT
Producción, publicación, distribución, fabricación y copyright [Madrid, España] :
Nombre del de productor, editor, distribuidor, fabricante Ministerio de Educación, Cultura y Deporte de España,
Fecha de producción, publicación, distribución, fabricación o copyright 2009
300 ## - DESCRIPCIÓN FÍSICA
Extensión 239 páginas
490 ## - MENCIÓN DE SERIE
Mención de serie Aulas de verano (Serie Humanidades)
650 ## - PUNTO DE ACCESO ADICIONAL DE MATERIA--TÉRMINO DE MATERIA
Término de materia o nombre geográfico como elemento de entrada Linguistics
700 ## - ENTRADA AGREGADA--NOMBRE PERSONAL
Nombre de persona Miguel Aparicio, Elena de (dir. ed.)
700 1# - ENTRADA AGREGADA--NOMBRE PERSONAL
Nombre de persona Buitrago Gómez, Mª Cruz (coord.)
856 ## - LOCALIZACIÓN Y ACCESO ELECTRÓNICOS
Identificador Uniforme de Recursos <a href="https://public.digitaliapublishing.com/a/39337">https://public.digitaliapublishing.com/a/39337</a>
942 ## - ELEMENTOS DE ENTRADA SECUNDARIOS (KOHA)
Tipo de ítem Koha Libro Digital

No items available.

Powered by Koha